000 00844nam a2200253 a 4500
001 000035955
003 OSt
005 20250924073803.0
007 ta
008 111121s1985 dr 000 0 spa d
040 _aDO-SdBNP
_bspa
_cBNPHU
082 _222
_axxx
_bS489f
100 1 _aSerulle Ramia, José
_96953
245 1 0 _aFactores economicos de las edificaciones y nuestra realidad /
_cJosé Serulle Ramia.
260 _aSanto Domingo :
_bEditora Universitaria,
_c1985.
300 _a27 p. ;
_c22 cm.
490 1 _aPublicaciones de la Universidad Autónoma de Santo Domingo ;
_v437 ;
490 1 _aEconomía y sociedad ;
_v3 ;
590 _aInventariado, 2020/ YL
830 _aPublicaciones de la Universidad Autónoma de Santo Domingo
_n437
_952
830 0 _aEconomia y sociedad
_99447
_n3
910 _aEn proceso
942 _2ddc
_cLF1
999 _c35446
_d35446